Catálogo público

Avispas parasíticas de plagas y otros insectos. Cryptini de México (Hymenoptera : (Record no. 208011)

MARC details
000 -CABECERA
campo de control de longitud fija 00992nam a2200289Ia 4500
001 - NÚMERO DE CONTROL
campo de control Para_9273
003 - IDENTIFICADOR DEL NÚMERO DE CONTROL
campo de control CHAP
008 - DATOS DE LONGITUD FIJA--INFORMACIÓN GENERAL
campo de control de longitud fija 220125s2005 xx 000 0 und d
010 ## - NÚMERO DE CONTROL DE LA BIBLIOTECA DEL CONGRESO
Número de control de LC 208011
040 ## - FUENTE DE LA CATALOGACIÓN
Centro/agencia transcriptor CHAP
082 ## - NÚMERO DE LA CLASIFICACIÓN DECIMAL DEWEY
Número de clasificación 595.7 K3
100 ## - ENTRADA PRINCIPAL--NOMBRE DE PERSONA
Nombre de persona Kasparyan, Dmitri Rafaelevich
9 (RLIN) 174447
245 ## - MENCIÓN DE TÍTULO
Título Avispas parasíticas de plagas y otros insectos. Cryptini de México (Hymenoptera :
Resto del título Ichneumonidae :
-- Cryptinae), Parte I /
Mención de responsabilidad, etc. por Dmitri Rafaelevich Kasparyan y Enrique Ruíz Cancino
260 ## - PUBLICACIÓN, DISTRIBUCIÓN, ETC.
Lugar de publicación, distribución, etc. Cd. Victoria, Tamaulipas, México :
Nombre del editor, distribuidor, etc. Universidad Autónoma de Tamaulipas
300 ## - DESCRIPCIÓN FÍSICA
Extensión 287 p.
650 ## - PUNTO DE ACCESO ADICIONAL DE MATERIA--TÉRMINO DE MATERIA
Término de materia o nombre geográfico como elemento de entrada Control biológico de insectos
9 (RLIN) 27582
650 ## - PUNTO DE ACCESO ADICIONAL DE MATERIA--TÉRMINO DE MATERIA
Término de materia o nombre geográfico como elemento de entrada Entomología económica
9 (RLIN) 37145
650 ## - PUNTO DE ACCESO ADICIONAL DE MATERIA--TÉRMINO DE MATERIA
Término de materia o nombre geográfico como elemento de entrada Insectos parásitos y predatores
9 (RLIN) 58961
700 ## - PUNTO DE ACCESO ADICIONAL--NOMBRE DE PERSONA
Nombre de persona Ruíz Cancino, Enrique
9 (RLIN) 100623
901 ## - ELEMENTOS DE DATOS A LOCAL LDA (RLIN)
a 595.7 K3
902 ## - ELEMENTOS DE DATOS B LOCAL, LDB (RLIN)
a M
905 ## - ELEMENTOS DE DATOS E LOCAL, LDE (RLIN)
a 0000002005 a 0000000000 00
910 ## - DATOS DE OPCIÓN DEL USUARIO (OCLC)
Datos de opción del usuario 2005
942 ## - ELEMENTOS DE PUNTO DE ACCESO ADICIONAL (KOHA)
Tipo de ítem Koha Parasitologia_
942 ## - ELEMENTOS DE PUNTO DE ACCESO ADICIONAL (KOHA)
Tipo de ítem Koha Parasitologia_
-- 1
Holdings
Estado de retiro Estado de pérdida Fuente del sistema de clasificación o colocación Estado dañado Restricciones de uso No para préstamo Código de colección Localización permanente Ubicación/localización actual Fecha de adquisición Información codificada de la localización en otra ubicación Total de préstamos Signatura topográfica completa Código de barras Fecha visto por última vez Número de copia Precio válido a partir de Tipo de ítem Koha Nota pública
    Dewey Decimal Classification   Préstamo 3 días   General Parasitologia Agricola Parasitologia Agricola 22/08/2007 PARA   595.7 K3 PA_09136 25/01/2022 2 25/01/2022 Libro 3
    Dewey Decimal Classification   Préstamo interno   General Parasitologia Agricola Parasitologia Agricola 15/05/2007 PARA   595.7 K3 PA_09080 25/01/2022 1 25/01/2022 Libro 3